Ekonomika hotela diplomová práca

Enregistré dans:
Détails bibliographiques
Auteur principal: Paulíny, Peter
Collectivité auteur: Obchodná fakulta EU. Katedra služieb a cestovného ruchu - zrušené
Autres auteurs: Valenteová, Katarína
Format: Livre
Langue:slovaque
Publié: Bratislava 2012
Tags: Ajouter un tag
Pas de tags, Soyez le premier à ajouter un tag!

MARC

LEADER 00000nbm a2200000 4500
001 0159062
005 20161109102226.7
041 0 |a slo 
044 |a SK 
245 1 0 |a Ekonomika hotela  |b diplomová práca  |c Peter Paulíny ; školiteľ: Katarína Valenteová 
264 1 |a Bratislava  |c 2012 
300 |a 79 s. 
100 1 |a Paulíny, Peter 
700 1 |a Valenteová, Katarína 
710 2 |a Obchodná fakulta EU. Katedra služieb a cestovného ruchu - zrušené